Ecology, engineering, and management (Record no. 98892)

MARC details
000 -LEADER
fixed length control field 00533nam a22001937i 4500
020 ## - INTERNATIONAL STANDARD BOOK NUMBER
International Standard Book Number 0-19-513968-2
082 ## - DEWEY DECIMAL CLASSIFICATION NUMBER
Classification number QH 75
Item number E34
100 ## - MAIN ENTRY--PERSONAL NAME
Personal name Van Eeten, Michel J.G.
245 ## - TITLE STATEMENT
Title Ecology, engineering, and management
264 #1 - PRODUCTION, PUBLICATION, DISTRIBUTION, MANUFACTURE, AND COPYRIGHT NOTICE
Place of production, publication, distribution, manufacture New York
Name of producer, publisher, distributor, manufacturer Oxford University Press
Date of production, publication, distribution, manufacture, or copyright notice 2002.
300 ## - PHYSICAL DESCRIPTION
Extent x 268 p.
Other physical details col. ill.; 24 cm.
336 ## - CONTENT TYPE
Content type term text
Content type code txt
Source rdacontent
337 ## - MEDIA TYPE
Media type term unmediated
Media type code n
Source rdamedia
338 ## - CARRIER TYPE
Carrier type term volume
Carrier type code nc
Source rdacarrier
650 ## - SUBJECT ADDED ENTRY--TOPICAL TERM
Topical term or geographic name entry element Ecology
650 ## - SUBJECT ADDED ENTRY--TOPICAL TERM
Topical term or geographic name entry element Agricultural Engineering
700 ## - ADDED ENTRY--PERSONAL NAME
Personal name Roe, Emery
942 ## - ADDED ENTRY ELEMENTS (KOHA)
Koha item type Foreign Books
Holdings
Withdrawn status Source of classification or shelving scheme Damaged status Not for loan Home library Current library Shelving location Date acquired Total Checkouts Full call number Barcode Date last seen Price effective from Koha item type
  Library of Congress Classification     Tanay College Library Tanay College Library Foreign Section 01/19/2015   QH 75 E34 URSTAN-N850 01/19/2015 01/19/2015 Reserved Books

University of Rizal System
Email us at univlibservices@urs.edu.ph

Visit our Website www.urs.edu.ph/library